Informes del consul de México en San José de Costa Rica referentes al cultivo del plátano en aquella República

Detalles Bibliográficos
Formato: Libro
Lenguaje:Spanish
Publicado: México : imprenta y fototipia de la Secretaría de Fomento, Callejón de Betlemitas núm. 8, 1910.
Materias:
Colección:Banco de datos
Acervo:Universidad Autónoma Benito Juárez de Oaxaca. Biblioteca Francisco de Burgoa. Colección histórica
Descripción Física:10 p. ; 22 cm.
Tema general:Economía
Notas:Portada tipográfica con viñeta. Texto a renglón seguido con paginación en números arábigos. Encuadernación en papel. Daños en la encuadernación, tapa superior desprendida
LEADER 00868nam a22001570004500
035 |a 4374 
041 0 |a spa 
245 1 0 |a Informes del consul de México en San José de Costa Rica referentes al cultivo del plátano en aquella República 
260 |a México : imprenta y fototipia de la Secretaría de Fomento, Callejón de Betlemitas núm. 8, 1910. 
300 |a 10 p. ; 22 cm.  
500 |a Portada tipográfica con viñeta. Texto a renglón seguido con paginación en números arábigos. Encuadernación en papel. Daños en la encuadernación, tapa superior desprendida 
650 1 0 |a Economía 
852 |a Universidad Autónoma "Benito Juárez" de Oaxaca, Biblioteca Francisco de Burgoa, Colección histórica 22478 
942 |c BURHIS 
943 |g Universidad Autónoma Benito Juárez de Oaxaca. Biblioteca Francisco de Burgoa. Colección histórica 
999 |c 1123217  |d 1123217